| 000 | 00466nam a2200157 i 4500 | ||
|---|---|---|---|
| 001 | 27101 | ||
| 003 | ES-MaACL | ||
| 005 | 20230906153547.0 | ||
| 007 | t| | ||
| 008 | 030113s1971 pr ||||1| spa d | ||
| 100 | 1 |
_aArriví, Francisco. _923329 |
|
| 245 | 1 | 0 |
_aVejigantes _b: (Drama en tres actos) / _cFrancisco Arriví. |
| 260 |
_aRío Piedras (Puerto Rico) : _bEd. Cultural, _c1971. |
||
| 300 |
_a126 p., 1 lám. ; _c21 cm. |
||
| 852 |
_aES-MaACL _jC-47264 _bR.78451 |
||
| 999 |
_c27101 _d27101 |
||